Library Logo

Muslim politics in Bengal, 1937-1947 / (Record no. 71312)

000 -LEADER
fixed length control field 00933cam a2200289 i 4500
001 - CONTROL NUMBER
control field 357107
003 - CONTROL NUMBER IDENTIFIER
control field BD-DhUL
005 - DATE AND TIME OF LATEST TRANSACTION
control field 20160529144422.0
008 - FIXED-LENGTH DATA ELEMENTS--GENERAL INFORMATION
fixed length control field 770127s1976 ii b 001 0 eng
010 ## - LIBRARY OF CONGRESS CONTROL NUMBER
LC control number 76902888
020 ## - INTERNATIONAL STANDARD BOOK NUMBER
Terms of availability Rs65.00 ($13.00 U.S.)
040 ## - CATALOGING SOURCE
Original cataloging agency DLC
Transcribing agency DLC
Modifying agency DLC
-- BD-DhUL
043 ## - GEOGRAPHIC AREA CODE
Geographic area code a-ii---
-- a-bg---
050 00 - LIBRARY OF CONGRESS CALL NUMBER
Classification number DS485.B49
Item number S46 1976
082 00 - DEWEY DECIMAL CLASSIFICATION NUMBER
Classification number 954.14
Item number SEM
100 1# - MAIN ENTRY--PERSONAL NAME
Personal name Sen, Shila.
245 10 - TITLE STATEMENT
Title Muslim politics in Bengal, 1937-1947 /
Statement of responsibility, etc. Shila Sen.
260 ## - PUBLICATION, DISTRIBUTION, ETC. (IMPRINT)
Place of publication, distribution, etc. New Delhi :
Name of publisher, distributor, etc. Impex India,
Date of publication, distribution, etc. 1976.
300 ## - PHYSICAL DESCRIPTION
Extent viii, 310 p. ;
Dimensions 22 cm.
500 ## - GENERAL NOTE
General note Originally presented as the author's thesis, Jawaharlal Nehru University, 1975.
500 ## - GENERAL NOTE
General note Includes index.
504 ## - BIBLIOGRAPHY, ETC. NOTE
Bibliography, etc Bibliography: p. [289]-297.
650 #0 - SUBJECT ADDED ENTRY--TOPICAL TERM
Topical term or geographic name as entry element Muslims
General subdivision Political activity
Geographic subdivision India
-- Bengal.
651 #0 - SUBJECT ADDED ENTRY--GEOGRAPHIC NAME
Geographic name Bengal (India)
General subdivision Politics and government.
906 ## - LOCAL DATA ELEMENT F, LDF (RLIN)
a 7
b cbc
c orignew
d 4
e ncip
f 19
g y-gencatlg
942 ## - ADDED ENTRY ELEMENTS (KOHA)
Source of classification or shelving scheme
Koha item type Books

No items available.

Last Updated on September 15, 2019
© Dhaka University Library. All Rights Reserved|Staff Login